Integrating China into the global economy

محفوظ في:
التفاصيل البيبلوغرافية
المؤلف الرئيسي: Lardy, Nicholas R.
التنسيق: نص
منشور في: Washington: Broolings Institution Press
الموضوعات:
الوسوم: إضافة وسم
لا توجد وسوم, كن أول من يضع وسما على هذه التسجيلة!

MARC

LEADER 00000 a a2200000 04500
001 31957
003
040
020 |a 0-8157-5136-2  
090 |a 199600  
100 |a Lardy, Nicholas R.  
245 |a Integrating China into the global economy  
260 |a Washington:   |b Broolings Institution Press  
300 |a 244 p.  
650 |a GLOBALIZACION  
650 |a RELACIONES INTERNACIONALES  
650 |a RELACIONES ECONOMICAS INTERNACIONALES  
650 |a COMERCIO EXTERIOR  
650 |a POLITICA COMERCIAL  
650 |a ORGANIZACION MUNDIAL DEL COMERCIO  
650 |a POLITICA ECONOMICA  
650 |a NEGOCIOS  
650 |a CHINA  
999 |c 12316  |d 12316